| 000 | 00000nam##2200000za#4500 |
| 001 | 9.611957 |
| 003 | CaOODSP |
| 005 | 20220111083418 |
| 007 | ta |
| 008 | 150406|1995||||xxc||||| f|0| 0 eng|d |
| 020 | |a0-662-23162-7 |
| 022 | |a1713-0638 |
| 040 | |aCaOODSP|beng |
| 043 | |an-cn--- |
| 086 | 1 |aNE22-1/1995-3E |
| 110 | 1 |aCanada. |bNational Energy Board. |
| 245 | 10|aTrans Québec & Maritimes Pipeline Inc. : |bapplication dated 20 September 1994, as amended, for new tolls effective 1 January 1995 |
| 260 | |aCalgary - Alberta : |bNational Energy Board |cApril, 1995. |
| 300 | |avii, 24p. : |btables ; |c28 cm. |
| 490 | 1 |aReasons for decision|x1713-0638 |
| 563 | |aSoftcover |
| 775 | 08|tGazoduc Trans Québec & Maritimes Inc. : |w(CaOODSP)9.623184 |
| 776 | 0#|tReasons for decision in the matter of Trans Québec & Maritimes Pipeline Inc. : |w(CaOODSP)9.572468 |
| 830 | #0|aReasons for decision (Canada. National Energy Board)|x1713-0638|w(CaOODSP)9.514808 |
| 986 | |aRHW-1-94 |